=LDR 00000nam 2200000 4500 =001 INLIS000000000040503 =005 20130612150052 =008 ***********************************ind** =035 ##$$0010-061300000040503 =041 ##$$a ind =082 ##$$a 92 (Jovi ) =090 ##$$a 92 ( Jovi ), Sus t =100 ##$$a Susilo, Taufik Adi =245 ##$$a The True story of jon bon jovi, Taufik Adi Susilo; editor, Aziz Safa =260 ##$$a 2009 $b Jogyakarta =300 ##$$a 166 hlm, ilus, 20 cm =650 ##$$a Jovi, Jon Bon, 1962 =700 ##$$a Safa, Aziz =850 ##$$a NBPNMAT =990 ##$$a 83348334 =990 ##$$a 27.570/pb-2011